000 00281nam a2200121Ia 4500
008 190216s9999||||xx |||||||||||||| ||und||
100 _aSubranmaniyam S V
245 0 _aExperiments In Electronics
260 _bMacmillan
_c1992
300 _a358p
650 _aPhysics
942 _cBK
999 _c33239
_d33239